000 00629nam a22001697a 4500
003 OSt
005 20260407150653.0
008 260407b |||||||| |||| 00| 0 eng d
040 _cMRSPTU
041 _aEnglish
100 _aArshdeep Kaur, Supervisor: Dr. Kawaljit Singh Sandhu
245 _a Isolation of Starch from Purple Yam (Dioscorea Alata) and Study of its Physico-Chemical,Functional and Structural Properties
260 _bDepartment of Food Science & Technology, MRSPTU, Bathinda
_c2022
650 _aFood Science & Technology
856 _uhttp://163.47.215.52:8080/jspui/handle/123456789/494
942 _2ddc
_cTH
_n0
999 _c11347
_d11347